Islands & Archipelagos of Canada and Alaska Quiz Stats

 Plays Quiz not verified by Sporcle

Support Sporcle.
Go Orange.
Score 0/32 Timer 07:00
0 Plays Today
% Correct
Newfoundland (C)
87.5%
Baffin (C)
86%
Vancouver (C)
84.5%
Kodiak (A)
66.6%
Prince Edward (C)
63.3%
Ellesmere (C)
61.6%
Cape Breton (C)
59.4%
Victoria (C)
59.1%
Banks (C)
52%
Alexander Archipelago (A)
51.4%
Anticosti (C)
49.4%
Haida Gwaii (C)
48.2%
Southampton (C)
44.4%
Devon (C)
44.1%
Nunivak (A)
41.4%
Axel Heiberg (C)
41.1%
% Correct
Melville (C)
40.7%
St. Lawrence (A)
38.3%
Ellef Ringnes (C)
38.1%
Unimak (A) - easternmost of Aleutian Islands
37.3%
Prince of Wales (C)
37%
Somerset (C)
35.1%
Coats (C)
35.1%
Prince Patrick (C)
33.6%
Amund Ringnes (C)
32.8%
Bathurst (C)
32.6%
Prince Charles (C)
32.5%
Bylot (C)
31.3%
Mackenzie King (C)
28.7%
King William (C)
28.5%
Cornwallis (C)
27.9%
Stefansson (C)
24.3%

You're not logged in!

Compare scores with friends on all Sporcle quizzes.
OR
Log In

From the Vault

Inaccurate Movies

by DarkPhalanx

So Will Smith has never really saved the world? That can't be true.
Remove Ads.
Support Sporcle.
Get the best of Sporcle when you Go Orange. This ad-free experience offers more features, more stats, and more fun while also helping to support Sporcle. Thank you for becoming a member.

Show Comments

Extras

Top Quizzes Today


Score Distribution

Your Account Isn't Verified!

In order to create a playlist on Sporcle, you need to verify the email address you used during registration. Go to your Sporcle Settings to finish the process.

Report this User

Report this user for behavior that violates our Community Guidelines.

Details: